| 000 | 01937cam a2200337 i 4500 | ||
|---|---|---|---|
| 003 | SA-RiAUC | ||
| 005 | 20250321140839.0 | ||
| 008 | 250321s1970 su a f f00000 ara c | ||
| 020 | _a4122623 | ||
| 040 |
_aSA-RiKSU _bara _cSA-RiAUC _dKSU _erda |
||
| 043 | _aa-su--- | ||
| 082 | 0 | 4 |
_a370.9531 _qSA-RiAUC |
| 090 |
_a370.9531 _b س ع و |
||
| 110 | 1 |
_aالسعودية. _bوزارة المعارف _eمؤلف. |
|
| 245 | 1 | 2 |
_aالموجز عن تطور التعليم في المملكة العربية السعودية خلال عشر سنوات / _cوزارة المعارف. |
| 246 | 3 | _aالموجز عن تطور التعليم في المملكة العربية السعودية خلال 10 سنوات | |
| 264 | 1 |
_a[الرياض] : _bوزارة المعارف، _c1970 |
|
| 300 |
_a194 صفحة : _bإيضاحيات ؛ _c24× 14 سم |
||
| 336 |
_aنص _btxt _2rdacontent _3كتاب |
||
| 337 |
_aبدون وسيط _bn _2rdamedia |
||
| 338 |
_aمجلد _bnc _2rdacarrier |
||
| 500 | _aمقدم للمؤتمر الإقليمي الثالث لوزراء التربية والوزراء المسؤلين عن التخطيط في العالم العربي الذي عقد بالتعاون مع منظمة اليونسكو بمدينة مراكش بالمملكة المغربية ما بين 12-20 يناير 1970. | ||
| 500 | _aس ع / ت ت / 6 ت7 ت6. | ||
| 500 | _aس ع / م ع / 6 ت7 ت6 / 1970. | ||
| 650 | 7 |
_aالتعليم _zالسعودية _xتاريخ _xمطبوعات حكومية _2aucsh |
|
| 650 | 7 |
_aالمطبوعات الحكومية _2aucsh |
|
| 651 | 7 |
_aالسعودية _xمطبوعات حكومية _2aucsh |
|
| 711 | 2 |
_aالمؤتمر الإقليمي لوزراء التربية والوزراء المسؤولين عن التخطيط الاقتصادي في البلاد العربي _n(3 : _d1970 : _cمراكش، المغرب) |
|
| 942 |
_2ddc _cBOOK _n0 |
||
| 949 |
_aSA-JeALM _d250321 _umohamedma123 _n1 |
||
| 999 |
_c6543 _d6543 |
||